[Event "Titled Tue 20th May Early"]
[Site "chess.com INT"]
[Date "2025.05.20"]
[Round "2"]
[White "Rose, Felix"]
[Black "Fisabilillah, Ummi"]
[Result "0-1"]
[WhiteTitle "CM"]
[BlackTitle "WIM"]
[WhiteElo "2093"]
[BlackElo "2115"]
[WhiteFideId "5105722"]
[BlackFideId "7104804"]
[EventDate "2025.05.20"]

1. e4 g6 2. d4 Bg7 3. Nf3 c6 4. h3 Nf6 5. Nc3 d5 6. e5 Ne4 7. Nxe4 dxe4 8. Ng5
c5 9. c3 Nc6 10. Be3 cxd4 11. cxd4 Qa5+ 12. Qd2 Qxd2+ 13. Kxd2 f5 14. exf6 Bxf6
15. Nxe4 Bxd4 16. Bxd4 Nxd4 17. Kc3 e5 18. Re1 Ke7 19. f4 Bf5 20. Nc5 Nc6 21.
Bb5 Rac8 22. Bxc6 Rxc6 23. Rxe5+ Kf6 24. g4 Rhc8 25. b4 b6 26. gxf5 bxc5 27. b5
Rd6 28. fxg6 hxg6 29. Rhe1 Rh8 30. R1e3 Rc8 31. Kc4 Rd4+ 32. Kc3 Rxf4 33. Re6+
Kf7 34. Re7+ Kf6 35. R7e6+ Kg7 36. Re7+ Kh6 37. Rxa7 Rb4 38. a4 Rd8 39. Rc7 Rxa4
40. Rxc5 Ra3+ 41. Kb4 Rxe3 42. b6 Rb8 43. Rc6 Re1 44. Kb5 Rb1+ 45. Ka6 Ra1+ 46.
Kb5 Kh5 47. Rc5+ g5 48. Rc7 Rb1+ 49. Kc5 R1xb6 50. Rh7+ Rh6 51. Rxh6+ Kxh6 0-1

[Event "Titled Tue 20th May Early"]
[Site "chess.com INT"]
[Date "2025.05.20"]
[Round "2"]
[White "Nitish, Belurkar"]
[Black "Ristic, Nebojsa M"]
[Result "0-1"]
[WhiteTitle "IM"]
[BlackTitle "IM"]
[WhiteElo "2454"]
[BlackElo "2248"]
[WhiteFideId "5084768"]
[BlackFideId "900850"]
[EventDate "2025.05.20"]

1. e4 e6 2. Nf3 d5 3. e5 c5 4. b4 b6 5. bxc5 bxc5 6. c3 Qd7 7. d4 Ba6 8. Bxa6
Nxa6 9. O-O Ne7 10. a4 Nc6 11. Na3 Be7 12. Nb5 Nc7 13. Bg5 O-O 14. Bxe7 Qxe7 15.
Nd6 Rab8 16. dxc5 Na6 17. Nd4 Qd7 18. f4 Nxc5 19. Rf3 f6 20. Nxc6 Qxc6 21. Rh3
fxe5 22. fxe5 h6 23. Qg4 Rb2 24. Qg6 Ne4 25. Qxe6+ Kh7 26. Rxh6+ gxh6 27. Qe7+
Kg6 28. Qe6+ Kh7 29. Qe7+ Kg6 30. Nxe4 Qb6+ 31. Nc5 Rb1+ 32. Rxb1 Qxb1# 0-1

[Event "Titled Tue 20th May Early"]
[Site "chess.com INT"]
[Date "2025.05.20"]
[Round "2"]
[White "Nurgaliyev, Sauat"]
[Black "Deboushnik De"]
[Result "0-1"]
[WhiteTitle "IM"]
[WhiteElo "2407"]
[BlackElo "2207"]
[WhiteFideId "13726285"]
[BlackFideId "25768778"]
[EventDate "2025.05.20"]

1. Nf3 Nf6 2. g3 g6 3. Bg2 Bg7 4. O-O O-O 5. c4 d6 6. Nc3 e5 7. d3 Nc6 8. Rb1 a5
9. Bg5 h6 10. Bxf6 Bxf6 11. a3 Bg7 12. Nd2 Ne7 13. b4 axb4 14. axb4 c6 15. b5 d5
16. bxc6 bxc6 17. cxd5 cxd5 18. e4 dxe4 19. Ndxe4 Ra7 20. Nb5 Rb7 21. Ned6 Rd7
22. Nxc8 Qxc8 23. Qb3 Qd8 24. Rfd1 h5 25. h4 Kh7 26. Nc3 Rxd3 27. Rxd3 Qxd3 28.
Rd1 Qf5 29. Ne4 Ng8 30. Ng5+ Kh8 31. Bh3 Qf6 32. Rd7 Nh6 33. Bg2 Qf5 34. Be4
Qxd7 0-1

[Event "Titled Tue 20th May Early"]
[Site "chess.com INT"]
[Date "2025.05.20"]
[Round "2"]
[White "Fernandes, Rogerio Paulo Muller"]
[Black "Savitha, Shri B"]
[Result "0-1"]
[BlackTitle "IM"]
[WhiteElo "2241"]
[BlackElo "2298"]
[WhiteFideId "2101599"]
[BlackFideId "35061887"]
[EventDate "2025.05.20"]

1. c4 c5 2. g3 Nc6 3. Bg2 Nf6 4. Nf3 e6 5. O-O d5 6. cxd5 Nxd5 7. Nc3 Be7 8. d3
O-O 9. Bd2 Bf6 10. Rc1 Be7 11. a3 b6 12. Nxd5 exd5 13. e3 Ba6 14. Bc3 Bf6 15.
Re1 Rc8 16. Bxf6 Qxf6 17. d4 Na5 18. dxc5 bxc5 19. Qxd5 Rfd8 20. Qe5 Qb6 21. h4
Nc4 22. Qc3 Qxb2 23. Bf1 Qb7 24. Ng5 Nd6 25. Qc2 g6 26. Bg2 Qe7 27. Qa4 Bb5 28.
Qa5 h6 29. Nf3 a6 30. a4 Bd7 31. Qxa6 c4 32. Nd4 c3 33. Qd3 Bf5 0-1

[Event "Titled Tue 20th May Early"]
[Site "chess.com INT"]
[Date "2025.05.20"]
[Round "2"]
[White "Kim, Sergey"]
[Black "Rahman, Masruri"]
[Result "0-1"]
[WhiteTitle "FM"]
[BlackTitle "FM"]
[WhiteElo "2295"]
[BlackElo "2407"]
[WhiteFideId "13700570"]
[BlackFideId "7101163"]
[EventDate "2025.05.20"]

1. d4 Nf6 2. c4 e6 3. Nc3 Bb4 4. Qc2 Nc6 5. Nf3 d6 6. a3 Bxc3+ 7. Qxc3 O-O 8. g3
Qe7 9. Bg2 a5 10. b3 e5 11. d5 Nb8 12. Nd2 c6 13. e4 Nbd7 14. O-O Nc5 15. b4
axb4 16. axb4 Rxa1 17. Qxa1 Nd3 18. Qc3 Nxc1 19. Rxc1 cxd5 20. cxd5 Bd7 21. Qa3
Bb5 22. Qa5 Bd3 23. Rc7 Nd7 24. Rxb7 Qg5 25. Qa2 Nf6 26. h3 Rc8 27. Ra7 Rc1+ 28.
Kh2 g6 29. Nf3 Qh5 30. Ng1 Rc2 31. Ra8+ Kg7 32. Qa7 Ng4+ 33. Kh1 Nxf2+ 34. Kh2
Bxe4 35. Qb8 Ng4+ 36. Kh1 Bxg2# 0-1

[Event "Titled Tue 20th May Early"]
[Site "chess.com INT"]
[Date "2025.05.20"]
[Round "2"]
[White "Fieberg, Samuel"]
[Black "Bologan, Victor"]
[Result "0-1"]
[WhiteTitle "FM"]
[BlackTitle "GM"]
[WhiteElo "2157"]
[BlackElo "2601"]
[WhiteFideId "12901717"]
[BlackFideId "13900048"]
[EventDate "2025.05.20"]

1. Nf3 d6 2. d4 Nf6 3. g3 g6 4. b3 Bg7 5. Bb2 O-O 6. Bg2 a5 7. O-O a4 8. c4 Nc6
9. d5 Nb4 10. a3 Na6 11. b4 e5 12. Nc3 Bd7 13. e4 Qe8 14. Qd3 Nh5 15. Nd2 f5 16.
f3 Bh6 17. Rae1 Qe7 18. Bc1 Bg5 19. f4 exf4 20. Nf3 Bf6 21. e5 dxe5 22. Nxe5
fxg3 23. d6 gxh2+ 24. Kh1 Qxd6 25. Qxd6 Ng3+ 26. Kxh2 Nxf1+ 27. Rxf1 cxd6 28.
Nxd7 Bxc3 29. Bd5+ Kg7 30. Nxf8 Be5+ 31. Kg2 Rxf8 32. Bxb7 Nc7 33. Be3 Ne6 34.
Bd5 Nd4 35. Rd1 Nc2 36. Bc1 h5 37. c5 dxc5 38. bxc5 Rd8 39. Rd3 Ne1+ 0-1

[Event "Titled Tue 20th May Early"]
[Site "chess.com INT"]
[Date "2025.05.20"]
[Round "2"]
[White "Przybylski, Bartosz"]
[Black "Dubnevych, Maksym"]
[Result "0-1"]
[WhiteTitle "CM"]
[BlackTitle "FM"]
[WhiteElo "2107"]
[BlackElo "2292"]
[WhiteFideId "21878323"]
[BlackFideId "14184001"]
[EventDate "2025.05.20"]

1. e4 c5 2. Nf3 Nc6 3. Bb5 g6 4. Bxc6 dxc6 5. d3 Bg7 6. h3 e5 7. Nc3 Qc7 8. Be3
b6 9. Qd2 h6 10. O-O-O Ne7 11. Kb1 Be6 12. Nh2 a5 13. f4 a4 14. a3 exf4 15. Bxf4
Qd7 16. Nf3 b5 17. d4 b4 18. Na2 bxa3 19. dxc5 Qb7 20. c4 Bxc4 21. Be5 Bxe5 22.
Nxe5 Bxa2+ 23. Kxa2 Qb3+ 24. Kb1 O-O 25. Qc3 Rfb8 26. Qxb3 Rxb3 27. Nc4 axb2 28.
Rd7 a3 29. Ka2 Rb4 30. Nd6 Kf8 31. Rf1 f5 32. exf5 Nd5 33. fxg6+ Kg8 34. Ne4
Rxe4 35. Rff7 Nb4+ 36. Kb3 b1=Q+ 37. Kc3 Qc2# 0-1

[Event "Titled Tue 20th May Early"]
[Site "chess.com INT"]
[Date "2025.05.20"]
[Round "2"]
[White "Aaron, Deepak"]
[Black "Viana, Dirceu"]
[Result "1-0"]
[BlackTitle "FM"]
[WhiteElo "2306"]
[BlackElo "2188"]
[WhiteFideId "2009412"]
[BlackFideId "2101360"]
[EventDate "2025.05.20"]

1. e4 e5 2. Nf3 d6 3. Bc4 Be7 4. O-O Nf6 5. Re1 O-O 6. c3 Nc6 7. d4 Bg4 8. dxe5
Nxe5 9. Be2 Nxf3+ 10. Bxf3 Bxf3 11. Qxf3 c6 12. Na3 Nd7 13. Nc4 Ne5 14. Nxe5
dxe5 15. Qg3 Qc7 16. Bh6 Bf6 17. Bg5 Bxg5 18. Qxg5 Rad8 19. Re2 Rd3 20. Rae1
Rfd8 21. h4 f6 22. Qg4 Qd7 23. Qxd7 R8xd7 24. f3 Kf7 25. Kf2 Ke6 26. Re3 Rd2+
27. R3e2 R2d3 28. Rc2 h5 29. Re3 Rd1 30. Re1 R1d3 31. Ree2 g6 32. a3 a5 33. a4
Rd1 34. b4 Ra1 35. Ra2 Rxa2 36. Rxa2 axb4 37. cxb4 Rd4 38. Rb2 f5 39. Ke3 Kf6
40. a5 f4+ 41. Ke2 g5 42. hxg5+ Kxg5 43. b5 Ra4 44. a6 bxa6 45. b6 1-0

[Event "Titled Tue 20th May Early"]
[Site "chess.com INT"]
[Date "2025.05.20"]
[Round "2"]
[White "Rosh, Jain"]
[Black "Ostensen, Nicolai Maxime"]
[Result "0-1"]
[WhiteTitle "FM"]
[BlackTitle "FM"]
[WhiteElo "2254"]
[BlackElo "2283"]
[WhiteFideId "25789465"]
[BlackFideId "1546970"]
[EventDate "2025.05.20"]

1. e4 e5 2. Nf3 Nc6 3. Bb5 a6 4. Ba4 Nf6 5. O-O d6 6. Re1 g6 7. c3 Bg7 8. d4 b5
9. Bc2 O-O 10. a4 Rb8 11. axb5 axb5 12. d5 Ne7 13. b3 Ne8 14. c4 f5 15. Ng5 h6
16. Ne6 Bxe6 17. dxe6 Qc8 18. cxb5 Qxe6 19. Bd3 fxe4 20. Bf1 d5 21. Nc3 Nd6 22.
Ra6 Kh7 23. Ba3 Rfd8 24. Qd2 Qf7 25. Bxd6 Rxd6 26. Rxd6 cxd6 27. Rd1 d4 28. Nxe4
Nf5 29. Qc2 d5 30. Ng3 Nxg3 31. hxg3 e4 32. Qc6 d3 33. Bxd3 exd3 34. Rxd3 d4 35.
b6 Qb7 36. Qd6 Qxb6 37. Qf4 Rf8 38. Qe4 Qb5 39. g4 Qe5 40. Qc6 Qe1+ 41. Kh2 Be5+
42. g3 Rxf2+ 43. Kh3 Qf1+ 44. Kh4 Rh2# 0-1

[Event "Titled Tue 20th May Early"]
[Site "chess.com INT"]
[Date "2025.05.20"]
[Round "2"]
[White "Popov, Tikhon"]
[Black "Kavutskiy, Kostya"]
[Result "0-1"]
[WhiteTitle "CM"]
[BlackTitle "IM"]
[WhiteElo "2173"]
[BlackElo "2356"]
[WhiteFideId "24252026"]
[BlackFideId "2026384"]
[EventDate "2025.05.20"]

1. e4 c5 2. Nf3 Nc6 3. b4 cxb4 4. d4 d6 5. a3 bxa3 6. d5 Nb8 7. Bxa3 Nf6 8. Bd3
g6 9. O-O Bg7 10. Bb2 O-O 11. c4 Na6 12. Nbd2 Nc5 13. Bc2 Nfd7 14. Bxg7 Kxg7 15.
Qe2 e5 16. dxe6 Nxe6 17. Qe3 b6 18. e5 dxe5 19. Nxe5 Nxe5 20. Qxe5+ Qf6 21. Qe3
Bb7 22. Be4 Bxe4 23. Nxe4 Qd4 24. Qf3 Nc5 25. Nxc5 Qxc5 26. Rfd1 Qxc4 27. Rac1
Qe6 28. Rc6 Qe5 29. h4 Rad8 30. Rdc1 Rd7 31. h5 Qxh5 32. Qf6+ Kg8 33. f3 Qd5 34.
Kh1 Qh5+ 35. Kg1 Qf5 36. Qh4 Qd3 37. Kh1 Rd5 38. Qf4 Qd4 39. Qxd4 Rxd4 40. Rc7
a5 41. Rb7 Rb4 42. Rcc7 a4 43. Ra7 b5 44. Kh2 Rb1 45. Kg3 Kg7 46. Kf4 h6 47. g4
Rb3 48. Rcb7 a3 49. Rb6 b4 50. g5 hxg5+ 51. Kxg5 Rxf3 52. Rxg6+ Kh7 53. Rh6+ Kg8
54. Rg6+ fxg6 0-1

[Event "Titled Tue 20th May Early"]
[Site "chess.com INT"]
[Date "2025.05.20"]
[Round "2"]
[White "Villalba, Marcelo"]
[Black "Seyidli, Mirsaleh"]
[Result "0-1"]
[WhiteTitle "IM"]
[BlackTitle "CM"]
[WhiteElo "2233"]
[BlackElo "1995"]
[WhiteFideId "3701859"]
[BlackFideId "13445219"]
[EventDate "2025.05.20"]

1. e4 e5 2. Nf3 Nc6 3. Bb5 f5 4. Bxc6 dxc6 5. d3 fxe4 6. dxe4 Qxd1+ 7. Kxd1 Nf6
8. Nbd2 Bd6 9. Ke2 Be6 10. h3 Ke7 11. b3 Nd7 12. Bb2 h6 13. Nf1 a5 14. a4 Rhf8
15. Ne3 Nf6 16. Bxe5 Nxe4 17. Bxg7 Rg8 18. Be5 Rad8 19. Bb2 Bb4 20. Rad1 Nc3+
21. Bxc3 Bxc3 22. Rxd8 Rxd8 23. Rd1 Rxd1 24. Nxd1 Bf6 25. Ne3 b5 26. Kd3 Kd6 27.
Nd4 Bd7 28. f4 Kc5 29. Ndf5 h5 30. g4 hxg4 31. hxg4 bxa4 32. bxa4 Kb4 33. g5 Bh8
34. Nd4 c5 35. Ne2 Bxa4 36. f5 Bb5+ 37. c4 Bd7 38. Nd5+ Kb3 39. f6 Bf5+ 40. Ke3
Kxc4 41. f7 Bg7 42. Ne7 Be6 43. g6 a4 44. Nf4 Bg4 45. Ned5 a3 46. Nf6 a2 47. Ne4
a1=Q 0-1

[Event "Titled Tue 20th May Early"]
[Site "chess.com INT"]
[Date "2025.05.20"]
[Round "2"]
[White "Berezin, Viktor RUS"]
[Black "Bulajic, Ratko"]
[Result "1-0"]
[WhiteTitle "FM"]
[BlackTitle "FM"]
[WhiteElo "1921"]
[BlackElo "1988"]
[WhiteFideId "4128869"]
[BlackFideId "907227"]
[EventDate "2025.05.20"]

1. e4 c5 2. Nf3 a6 3. g3 g6 4. Bg2 Bg7 5. O-O Nc6 6. c3 c4 7. d4 cxd3 8. Qxd3 d6
9. h4 Nf6 10. Re1 Qc7 11. Nbd2 O-O 12. a4 b6 13. Nb3 Bb7 14. Nbd4 Ne5 15. Nxe5
dxe5 16. Nc2 Rfd8 17. Qe2 h5 18. Bg5 Rd7 19. Bxf6 Bxf6 20. Ne3 e6 21. Nc2 Rad8
22. Rad1 Qc6 23. Rxd7 Rxd7 24. Ra1 Qd6 25. Ne3 Qd2 26. Qxd2 Rxd2 27. Nc4 Rc2 28.
Rb1 b5 29. axb5 axb5 30. Na3 Re2 31. Bf3 Rd2 32. Nxb5 Bd8 33. Na3 Bb6 34. Nc4
Bxf2+ 35. Kf1 Rc2 36. Bd1 Bxe4 37. Bxc2 Bxc2 38. Rc1 Bd3+ 39. Kxf2 Bxc4 40. Ke3
Kf8 41. b4 Ke7 42. Rd1 f5 43. Ra1 Kf6 44. Ra8 g5 45. hxg5+ Kxg5 46. Rg8+ Kf6 47.
Rc8 Ba6 48. Rc7 Bb7 49. c4 Bg2 50. c5 Kg5 51. b5 f4+ 52. gxf4+ exf4+ 53. Kf2 Bd5
54. Rd7 Bc4 55. b6 Bb5 56. Rc7 e5 57. b7 e4 58. b8=Q e3+ 59. Kf3 Bc6+ 60. Rxc6 1-0

[Event "Titled Tue 20th May Early"]
[Site "chess.com INT"]
[Date "2025.05.20"]
[Round "2"]
[White "Martinez Alcantara, Jose Eduardo"]
[Black "Rosen, Eric"]
[Result "1-0"]
[WhiteTitle "GM"]
[BlackTitle "IM"]
[WhiteElo "2611"]
[BlackElo "2377"]
[WhiteFideId "3805662"]
[BlackFideId "2032562"]
[EventDate "2025.05.20"]

1. c4 e6 2. Nf3 d5 3. g3 d4 4. Bg2 Nc6 5. O-O Nh6 6. e4 e5 7. d3 g6 8. Ne1 Bg7
9. Nd2 O-O 10. Rb1 a5 11. a3 a4 12. b4 axb3 13. Nxb3 b6 14. h3 f6 15. Na1 Nf7
16. Nac2 Bd7 17. Nb4 Nxb4 18. axb4 Ra2 19. f4 Qa8 20. b5 Qc8 21. g4 g5 22. f5
Qa8 23. Nc2 Rc8 24. Nb4 Ra1 25. Bd2 Ra3 26. Rf3 Bf8 27. Nd5 Kg7 28. h4 h6 29.
Rh3 Bd6 30. Bf1 Ra2 31. Rh2 Ra3 32. Qf3 Qa4 33. Re1 Qxc4 34. hxg5 fxg5 35. Qh3
Qxb5 36. Bxg5 hxg5 37. Qh7+ Kf8 38. Qg6 Ke8 39. Rh7 Qxd5 40. exd5 Kd8 41. Rxf7
c5 42. Qxd6 1-0

[Event "Titled Tue 20th May Early"]
[Site "chess.com INT"]
[Date "2025.05.20"]
[Round "2"]
[White "Henriquez Villagra, Cristobal"]
[Black "Novosel, Lovro"]
[Result "1-0"]
[WhiteTitle "GM"]
[BlackTitle "FM"]
[WhiteElo "2597"]
[BlackElo "2346"]
[WhiteFideId "3409350"]
[BlackFideId "14547120"]
[EventDate "2025.05.20"]

1. e4 c5 2. Nf3 d6 3. d4 cxd4 4. Nxd4 Nf6 5. Nc3 a6 6. g3 e6 7. Bg2 Be7 8. O-O
Qc7 9. a4 Nc6 10. Nde2 O-O 11. h3 b6 12. g4 Bb7 13. g5 Nd7 14. Ng3 Rac8 15. h4
Nce5 16. h5 g6 17. f4 Nc4 18. Kh2 Qc5 19. Qg4 Ne3 20. Bxe3 Qxe3 21. Rad1 Qc5 22.
Bf3 Qb4 23. Rb1 Nc5 24. hxg6 fxg6 25. Nce2 Qxa4 26. c3 Rf7 27. b4 Nd3 28. Qxe6
Bf8 29. Bg4 Re8 30. Qc4 Qc2 31. Be6 Rxe6 32. Qxe6 Kg7 33. f5 Ne5 34. fxg6 hxg6
35. Rxf7+ Nxf7 36. Rf1 Nxg5 37. Qf6+ Kh6 38. Qxf8+ Kh7 39. Qe7+ Kh6 40. Rf8 Nxe4
41. Rh8# 1-0

[Event "Titled Tue 20th May Early"]
[Site "chess.com INT"]
[Date "2025.05.20"]
[Round "2"]
[White "Vargas Benavides, Mauricio"]
[Black "Nakonechnyi, Oleksii"]
[Result "1/2-1/2"]
[WhiteTitle "FM"]
[WhiteElo "1935"]
[BlackElo "2224"]
[WhiteFideId "4404572"]
[BlackFideId "34173714"]
[EventDate "2025.05.20"]

1. e4 c5 2. d3 g6 3. g3 Bg7 4. Bg2 Nc6 5. Nf3 e5 6. O-O d6 7. c3 Nge7 8. a3 O-O
9. Re1 Bg4 10. h3 Bxf3 11. Bxf3 f5 12. b4 b6 13. exf5 Rc8 14. fxg6 hxg6 15. Bg5
Qd7 16. Bg4 Nf5 17. Nd2 d5 18. Rc1 Qd6 19. h4 Rc7 20. Qb3 Kh7 21. Bf3 e4 22.
dxe4 Nxg3 23. Qxd5 Qe5 24. Qxe5 Nxe5 25. fxg3 Nxf3+ 26. Nxf3 Rxf3 27. Kg2 Rxc3
28. e5 Rxc1 29. Bxc1 Bf8 30. e6 cxb4 31. Rf1 Kg8 32. axb4 Bxb4 33. Bg5 a5 34.
Rf6 Kg7 35. g4 Bc3 36. Rf3 Bb4 37. h5 gxh5 38. gxh5 a4 39. Rf4 Rc2+ 40. Kf1 Rc1+
41. Ke2 Rb1 42. Rf7+ Kg8 43. h6 Re1+ 44. Kd3 Rxe6 45. h7+ Kh8 46. Bf6+ Rxf6 47.
Rxf6 Kxh7 48. Rxb6 Bf8 49. Rb7+ Kg6 50. Rb8 Kf7 51. Ke4 a3 52. Kf5 Bg7 53. Rb7+
Kf8 54. Ke6 Bd4 55. Rf7+ Kg8 56. Rf3 Bb2 57. Ke7 Kg7 58. Rg3+ Kh6 59. Kf7 Kh5
60. Rxa3 Bxa3 1/2-1/2

[Event "Titled Tue 20th May Early"]
[Site "chess.com INT"]
[Date "2025.05.20"]
[Round "2"]
[White "Terry, Renato"]
[Black "Altynbek, Aiaru"]
[Result "1-0"]
[WhiteTitle "IM"]
[BlackTitle "WFM"]
[WhiteElo "2508"]
[BlackElo "1977"]
[WhiteFideId "3803457"]
[BlackFideId "13752472"]
[EventDate "2025.05.20"]

1. e4 c6 2. Nf3 d5 3. exd5 cxd5 4. Ne5 a6 5. d4 Nc6 6. c3 Nxe5 7. dxe5 Bf5 8.
Nd2 e6 9. Nb3 Qc7 10. Bf4 Ne7 11. Nd4 Bg6 12. h3 Nc6 13. Qa4 Bc5 14. Bb5 Bxd4
15. cxd4 O-O 16. Bxc6 bxc6 17. Rc1 Qb6 18. b3 Rfc8 19. O-O Bd3 20. Rfd1 Bb5 21.
Qa3 a5 22. Rc3 a4 23. b4 Bc4 24. Qb2 Qb5 25. a3 c5 26. dxc5 Rxc5 27. Rg3 Rc7 28.
Bh6 g6 29. Qd2 Qe8 30. Qf4 Qe7 31. h4 Bb3 32. Rd4 Rac8 33. h5 Rc4 34. Bg5 Qf8
35. Rf3 Rxd4 36. Qxd4 Rc4 37. Qa7 Bc2 38. b5 Be4 39. b6 Bxf3 40. b7 Rg4 41. b8=Q
Rxg2+ 42. Kf1 Rxg5 43. h6 Be4 44. Qaa8 1-0

[Event "Titled Tue 20th May Early"]
[Site "chess.com INT"]
[Date "2025.05.20"]
[Round "2"]
[White "Gibala, Adam"]
[Black "Roienko, Artur"]
[Result "1-0"]
[WhiteTitle "CM"]
[WhiteElo "2239"]
[BlackElo "2215"]
[WhiteFideId "21070288"]
[BlackFideId "14136732"]
[EventDate "2025.05.20"]

1. c4 c5 2. Nc3 Nf6 3. Nf3 g6 4. e3 Bg7 5. d4 cxd4 6. exd4 d5 7. cxd5 Nxd5 8.
Bc4 Nb6 9. Bb3 O-O 10. O-O Bg4 11. Be3 Nc6 12. h3 Bxf3 13. Qxf3 Nxd4 14. Bxd4
Qxd4 15. Qxb7 e6 16. Qa6 Qf4 17. Rad1 Be5 18. g3 Qf5 19. Kg2 h5 20. Qd3 Qf6 21.
Ne4 Qg7 22. a4 a5 23. Nc5 Bxb2 24. Bxe6 fxe6 25. Nxe6 Qb7+ 26. Kh2 Rf6 27. Qb3
Qf7 28. Qxb6 Be5 29. Rd8+ Rxd8 30. Qxd8+ Kh7 31. Ng5+ Kg7 32. Nxf7 Rxf7 33. Qd5
Bf6 34. Kg2 1-0

[Event "Titled Tue 20th May Early"]
[Site "chess.com INT"]
[Date "2025.05.20"]
[Round "2"]
[White "Ernst, Robert"]
[Black "Grigoriants, Sergey"]
[Result "0-1"]
[WhiteTitle "FM"]
[BlackTitle "GM"]
[WhiteElo "2340"]
[BlackElo "2542"]
[WhiteFideId "1662643"]
[BlackFideId "4130804"]
[EventDate "2025.05.20"]

1. d4 d5 2. c4 e6 3. Nf3 Nf6 4. Nc3 Bb4 5. e3 O-O 6. cxd5 exd5 7. Bd3 c6 8. Ne5
Nbd7 9. O-O Nxe5 10. dxe5 Ng4 11. f4 d4 12. exd4 Qxd4+ 13. Kh1 Nf2+ 14. Rxf2
Qxf2 15. Ne4 Qh4 16. Be3 Bg4 17. Qf1 Rad8 18. Bxa7 Rd7 19. Nc5 Rd5 20. Nxb7 Rd7
21. Bf2 Qe7 22. Nd6 Bxd6 23. exd6 Qxd6 24. Be4 Re8 25. Re1 Rde7 26. Bc2 Rxe1 27.
Bxe1 Qxf4 28. Qg1 Qc1 29. Bg3 Qxc2 30. Qc5 Qxc5 0-1

[Event "Titled Tue 20th May Early"]
[Site "chess.com INT"]
[Date "2025.05.20"]
[Round "2"]
[White "Andrade, Ivan"]
[Black "Rozum, Ivan"]
[Result "0-1"]
[WhiteTitle "FM"]
[BlackTitle "GM"]
[WhiteElo "2161"]
[BlackElo "2439"]
[WhiteFideId "14800039"]
[BlackFideId "24104272"]
[EventDate "2025.05.20"]

1. e4 c6 2. d4 d5 3. e5 Bf5 4. h4 h5 5. Bd3 Bxd3 6. Qxd3 e6 7. Bg5 Be7 8. Nf3
Nh6 9. Nc3 Nf5 10. O-O-O Nd7 11. Ne2 Qa5 12. Kb1 Qb5 13. Qd2 Nb6 14. Bxe7 Nxe7
15. c3 Nc4 16. Qc1 a5 17. Ng3 a4 18. Nd2 Na5 19. a3 c5 20. dxc5 Qxc5 21. Rhf1
Nec6 22. Nf3 Nc4 23. Nd2 N4xe5 24. Qc2 Ra6 25. f4 Ng4 26. f5 Ne3 27. Qd3 Nxd1
28. Rxd1 e5 29. f6 gxf6 30. Nf5 Rb6 31. Nf3 Qxa3 32. Rd2 Qc5 33. Qxd5 Qxd5 34.
Rxd5 Ne7 35. Ra5 Ra6 36. Rxa6 bxa6 37. Nd6+ Kd7 38. Ne4 Rh6 39. Nc5+ Kd6 40.
Nxa4 Rg6 41. Ne1 Rg4 42. b3 Rxh4 43. Kc2 Rg4 44. c4 Nc6 0-1

[Event "Titled Tue 20th May Early"]
[Site "chess.com INT"]
[Date "2025.05.20"]
[Round "2"]
[White "Williams, Simon K"]
[Black "Aadit, Bhatia"]
[Result "1/2-1/2"]
[WhiteTitle "GM"]
[WhiteElo "2445"]
[BlackElo "2122"]
[WhiteFideId "404454"]
[BlackFideId "25088955"]
[EventDate "2025.05.20"]

1. d4 d5 2. c4 c6 3. Nc3 Nf6 4. Nf3 dxc4 5. e4 b5 6. e5 Nd5 7. Ng5 e6 8. Qh5 g6
9. Qf3 Qc7 10. h4 h6 11. Nge4 Be7 12. Be2 b4 13. Nd1 Ba6 14. O-O Nd7 15. Ne3 c5
16. Nxc4 Bxc4 17. Bxc4 cxd4 18. Bxd5 exd5 19. Nf6+ Bxf6 20. exf6 O-O 21. Bxh6
Rfe8 22. h5 Qe5 23. hxg6 Qxf6 24. gxf7+ Kxf7 25. Qxd5+ Qe6 26. Qxd4 Nf6 27. Bg5
Rad8 28. Qxf6+ Qxf6 29. Bxf6 Kxf6 30. Rfd1 Rxd1+ 31. Rxd1 Re2 32. Rb1 Ke5 33. g3
Ke4 34. Kg2 Kd3 35. a3 b3 36. Rd1+ Kc2 37. Rd7 a5 38. Rd5 a4 39. Rd4 Kxb2 40.
Rxa4 Kc3 41. Rb4 b2 42. g4 Re4 43. Rxe4 b1=Q 44. Re3+ Kd4 45. Kg3 Qg1+ 46. Kf3
Qh1+ 47. Kg3 Qg1+ 48. Kf3 Qd1+ 49. Kg3 Qg1+ 1/2-1/2

[Event "Titled Tue 20th May Early"]
[Site "chess.com INT"]
[Date "2025.05.20"]
[Round "2"]
[White "Mikhalsky, Vladimir"]
[Black "Dzhaparov, Medet"]
[Result "1-0"]
[WhiteElo "2219"]
[BlackElo "1678"]
[WhiteFideId "14144352"]
[BlackFideId "13803689"]
[EventDate "2025.05.20"]

1. c4 e5 2. Nc3 Nf6 3. g3 Nc6 4. Bg2 Bc5 5. e3 O-O 6. Nge2 d6 7. a3 Re8 8. O-O
Be6 9. d4 exd4 10. exd4 Bxc4 11. dxc5 dxc5 12. Be3 Nd4 13. Re1 Bb3 14. Qd2 Nc2
15. Bxb7 Rb8 16. Bc6 Qxd2 17. Bxd2 Re6 18. Bf3 Nxa1 19. Rxa1 Bc4 20. Nf4 Rd6 21.
Be3 Rxb2 22. Bxc5 Rd8 23. Bxa7 h6 24. Bc5 Rb3 25. Bb4 c5 26. Ba5 Rc8 27. Bd1 Rb2
28. Na4 Rb5 29. Nb6 Rb8 30. Nxc4 Rb1 31. Rxb1 Rxb1 32. Ne3 Ra1 33. Bc3 Rxa3 34.
Bxf6 gxf6 35. Nfd5 Kg7 36. Bc2 Ra1+ 37. Kg2 Ra8 38. Nf5+ Kf8 39. Nxf6 Ra2 40.
Bb3 Ra3 41. Bc4 Rc3 42. Nd6 Ke7 43. Nfe4 Rc1 44. Nf5+ Kd7 45. Bxf7 c4 46. Ne3 c3
47. Bb3 Kc6 48. Bc2 Kb5 49. Nxc3+ Kb4 50. Na2+ Ka3 51. Nxc1 1-0

[Event "Titled Tue 20th May Early"]
[Site "chess.com INT"]
[Date "2025.05.20"]
[Round "2"]
[White "Laddha, Shubh Jayesh"]
[Black "Drygalov, Sergey"]
[Result "0-1"]
[WhiteTitle "FM"]
[BlackTitle "GM"]
[WhiteElo "2303"]
[BlackElo "2560"]
[WhiteFideId "30942799"]
[BlackFideId "24171743"]
[EventDate "2025.05.20"]

1. e4 c5 2. Nf3 d6 3. d4 cxd4 4. Nxd4 Nf6 5. Nc3 a6 6. Bd3 g6 7. f3 Qb6 8. a3
Nbd7 9. Be3 e5 10. Nf5 Qc7 11. Ng3 Nc5 12. Bg5 Be7 13. h4 Be6 14. Qd2 O-O-O 15.
O-O-O Kb8 16. Kb1 Ncd7 17. Qe2 Nb6 18. h5 h6 19. Bxf6 Bxf6 20. hxg6 fxg6 21. Nd5
Bxd5 22. exd5 Nxd5 23. Bxg6 Nf4 24. Qe4 d5 25. Qf5 Qb6 26. c3 Nxg6 27. Qxg6 Rhg8
28. Qf7 Rxg3 29. Rd2 Bg5 30. Re2 d4 31. cxd4 exd4 32. f4 Qf6 33. Qc4 Qxf4 34.
Rd1 d3 35. Qxf4+ Bxf4 36. Re4 Bg5 0-1